000 00612nam a22002417a 4500
003 UA-OsUOA
001 126633
007 ta
008 20171101b un ||||| |||| 00| 0 ukr d
100 _aКарабович Т.
090 _a821.161.2
_bК21
942 _cBK
040 _aUA-OsUOA
_bukr
_cUA-OsUOA
_dUA-OsUOA
245 _aВибрані поезії
300 _a321 с.
955 _a3
041 _aukr
080 _a821.161.2
020 _a83-88097-25-3
260 _aБілосток
_c2001
650 7 _a82 Література. Літературознавство
_2UDC
999 _c413846
_d413846